LEADER 01005nam0 22002651i 450 001 UON00217032 005 20231205103358.310 010 $a97-270-8520-2 100 $a20030730d1999 |0itac50 ba 101 $apor 102 $aPT 105 $a|||| ||||| 200 1 $aDiferença e negaçao na poesia de Fernando Pessoa$fJosé Gil 210 $aLisboa$cRelógio D'Agua$d1999. 135 p. ; 21 cm. 606 $aPESSOA FERNANDO$3UONC039857$2FI 620 $aPT$dLisboa$3UONL003135 676 $a869.1$cPoesia portoghese$v12 700 1$aGIL$bJosé$3UONV103401$0459259 712 $aRelógio D'Água$3UONV268033$4650 801 $aIT$bSOL$c20240220$gRICA 899 $aSIBA - SISTEMA BIBLIOTECARIO DI ATENEO$2UONSI 912 $aUON00217032 950 $aSIBA - SISTEMA BIBLIOTECARIO DI ATENEO$dSI Port IV 1123 $eSI LO 64953 5 1123 996 $aDiferença e negaçao na poesia de Fernando Pessoa$91264365 997 $aUNIOR LEADER 01056nam0 22002531i 450 001 UON00469513 005 20231205105158.191 100 $a20160920d1928 |0itac50 ba 101 $aita 102 $aIT 105 $a|||| ||||| 200 1 $aVita di Vittorio Alfieri scritta da esso$econ l'aggiunta dei giornali e degli annali riprodotti integralmente dagli autografi e con prefazione di Francesco Maggini 210 $aFirenze$cFelice Le Monnier$d1928 215 $a374 p.$d19 cm. 316 $avalore stimato$5IT-UONSI ITAIV/0073 620 $aIT$dFirenze$3UONL000052 700 1$aALFIERI$bVittorio$3UONV119549$0292812 712 $aLe Monnier$3UONV249266$4650 801 $aIT$bSOL$c20240220$gRICA 899 $aSIBA - SISTEMA BIBLIOTECARIO DI ATENEO$2UONSI 912 $aUON00469513 950 $aSIBA - SISTEMA BIBLIOTECARIO DI ATENEO$dSI ITA IV 0073 $eSI MR 58480 7 0073 valore stimato 996 $aVita di Vittorio Alfieri scritta da esso$9155812 997 $aUNIOR